| 000 | 00553nam a2200217Ia 4500 | ||
|---|---|---|---|
| 005 | 20241216010358.0 | ||
| 008 | 180423s9999||||xx |||||||||||||| ||und|| | ||
| 082 |
_a636.08403 _bP53 |
||
| 100 | _aPICCIONI, MARCELLO | ||
| 245 | 0 | _aDICCIONARIO DE ALIMENTACION ANIMAL | |
| 250 | _a3 | ||
| 260 |
_aESPAÑA _bACRIBIA _c1970 |
||
| 300 |
_a819 pag _c24 cm |
||
| 341 | _h38 | ||
| 490 |
_v0 _a0 |
||
| 505 | _aDICCIONARIO A-Z | ||
| 541 |
_aC _bLIBRERIA STUDIUM _d11-Jul-96 _odólar |
||
| 650 | _aCIENCIAS APLICADAS | ||
| 856 | _zReferencia | ||
| 942 | _cLIBRO | ||
| 999 |
_c12897 _d12897 |
||